| 000 | 00483nam a2200133 a 4500 | ||
|---|---|---|---|
| 008 | 120416s1967 ||||||||||||||||| || u | ||
| 050 | _aNA 2800 Knu | ||
| 100 | _aKnudsen, Vern Oliver | ||
| 245 | 1 | 0 | _aAcoustical designing in architecture |
| 260 |
_aNew York _bJohn Wiley and Sons _c1967 |
||
| 300 | _ax, 457p. : ill. | ||
| 350 | _a0.00 | ||
| 995 |
_D0.00 _FCBU-MAIN LIBRARY (Kitwe) _H1 _I0.00 _M1 _UDAMAGED _ZMain Library Open Access Collection |
||
| 999 |
_c33410 _d33410 |
||